00791 a2200193 45000010006000000050017000060080041000230030015000640400040000790800098001192450090002170200018003072640030003253000021003555050160003761000017005367000023005537000021005765460520260407155820.0260407a1992 arg spa dAR-UNSa-BCEJYS aAR-UNSa-BCEJYSbspacAR-UNSa-BCEJYS a316.334.3xSociología de subsistemas e instituciones políticas. Sociología política 10aLa Justicia ¿discurso o mercado?pLos nuevos enfoques de la teoría contractualista a84-7432-439-4 1aBarcelona :bGedisac1992 a295 p.c21,5 cm. a1. La idea del contrato – 2. Contrato y discurso – 3. Teorías contractualistas individualistas – 4. Aplicaciones de los enfoques contractualistas. 1 aKern, Lucian1 aMuller, Hans Peter1 aSeña, Jorge M.